MDQL
is popping MORE tags! Check the
thread
!
Quizzes
Events
Quiz Creation
Community
Videos
Private Events
Remove Ads
Sign In
Join for FREE
Feedback
Dark Mode
Quiz Categories
Sports
Geography
Music
Movies
Television
Just For Fun
Miscellaneous
History
Literature
Language
Science
Gaming
Entertainment
Religion
Holiday
For Kids
Quiz Lab
Recent
Popular Today
Quiz Kudos Today
Editor Picks
Curator Picks
Quizzes by...
Day
Popularity
Type
Ratings
Length
Year
Community
Subscriptions
Recent Discussions
Orange Saloon
Badges
Playlists
Quests
Create
Leaderboards
Showdown
Live 5
Trivia Bingo
Activity
Puzzle Library
Sporcle Events
Private Events
Virtual Trivia
Globe League
Become a Host
Pub Owners
SporcleCon
Opinionation
Our Games
Videos
Blog
Mobile Apps
Partnerships
Remove Ads and Go Orange
Feedback
History
US Presidents
World Leaders
Politics
Nation
Discovery
War
Decade
Year
Century
Biography
Art
History
US Presidents
World Leaders
Politics
Nation
Discovery
War
Decade
Year
Century
Biography
Art
Random Quiz
Search Sporcle
×
Quiz Lab
Quiz Lab
History
Clickable
Select answers by clicking on text or image buttons
Select answers by clicking on text or image buttons
Clickable
Best Score? Go Orange.
Imperialism Review Quiz Stats
Can you pick the Imperialism Review Quiz?
By
Teacherjo
20m
44 Questions
735 Plays
735 Plays
735 Plays
Comments
Comments
Give Quiz Kudos
Give Quiz Kudos
-
- Ratings
hide this ad
Forced Order
Answers have to be entered in order
Answers have to be entered in order
Random Order
Randomize order of answers
Randomize order of answers
Replay
Link that replays current quiz
Next Quiz
Link to next quiz in quiz playlist
You Got
0%
They Got
Avg Score
49%
Avg Friend Score
Upgrade to see
Score Distribution
Jump to the score distribution portion of the page
Score
0/44
Timer
20:00
0
Plays Today
% Correct
Imperialism
83.3%
malaria
74%
the scramble for Africa
71.2%
maxim gun and railroads
70.1%
Berlin Conference
65.3%
social darwinism
60.3%
opium
60.3%
New markets and raw materials
60%
sepoys
59.9%
Jewel in the crown
57.7%
European Supremacy
57.6%
British East India Company
57.3%
Opium Wars
56.6%
Direct Control
55.2%
Great Britain
55.1%
infrastructure
54.8%
Ottomans
53.7%
Paternalism
52.1%
Artificial boundaries
51.6%
national pride
51%
Ottomans
50.9%
loss of traditional culture
50.9%
% Correct
Afghanistan
50.7%
famine
50.5%
Japan
49.9%
Crimean War
49%
Trading rights and ports
48.9%
Belgium
48.5%
Germany
46.9%
Sepoy Rebellion
46.7%
Indirect rule
46.5%
assimilation
45%
Indirect Control
44.6%
Suez Canal
44.2%
Indian finished goods
43.7%
Sphere of Influence
42.3%
Boxer Rebellion
42.2%
plantation environment
41.5%
Russo Japanese War
41.5%
Southeast Asia
40.5%
Southeast Asia
39.5%
Sepoy Rebellion
34%
Manchuria
28.6%
nationalism
27.1%
Quiz Playlist
Details
Report
Send in Message
Add To Playlist
Clickable:
Select answers by clicking on text or image buttons
Forced Order:
Answers have to be entered in order
Random Order:
Randomize order of answers
Last Updated: Feb 16, 2017
Quiz Scoreboard
CHALLENGE
Sign Up to Join the Scoreboard
Show All
Scores
Hide
Comments
May contain spoilers
Recently Published
Street Fighter Characters
by Artimus82
Gaming
60s
9x9 Crossword: Cartoon Network
by jackfrog10
Miscellaneous
3m
College Basketball Coaching Resumes
by pancakes188
Sports
9m
More to Explore
Quiz From the Vault
Featured Blog Post
Where Did the Easter Bunny Come From?
hide this ad
You Might Also Like...
Tags
Clickable Quiz
Review
Today's Top Quizzes in History
Browse History
hide this ad
Today's Top Quizzes in Clickable
Browse Clickable
Top Contributed Quizzes in History
1
Popular People in 1991
2
Popular People in 1981
3
Popular People in 1951
4
Popular People in 1941
5
Popular People in 1986
6
Popular People in 1976
7
Popular People in 1921
8
5-to-1: 20th Century Images of War
9
I Am Born On March 28th
10
Popular People in 1946
Explore More
Trending Topics
NBA
Marvel
Anime
Kpop
Harry Potter
Crossword
Disney
Puzzle
The Office
Country
Soccer
Song
Pokémon
NFL
WWE
hide this ad
More By:
Teacherjo
Quiz
Plays
Rating
Category
Featured
Created
Italian and Northern Renaissance Review
1,631
3.00
History
Oct 2, 2012
Industrial Revolution
1,531
2.75
History
Mar 7, 2013
Russian Revolution Review
1,412
3.67
History
Mar 21, 2014
French Revolution Review
915
1.00
History
Jan 15, 2013
Reformation Review
880
2.00
History
Oct 18, 2012
Go to Creator's Profile
Score Distribution
Quiz Creator Spotlight
Teacherjo
Follow
Send a Message
Quizzes Created
-
Created Quiz Play Count
-
More By This Creator
Popular Quizzes Today
1
Find the US States - No Outlines Minefield
2
Find the Countries of Europe - No Outlines Minefield
3
The Countries of the World
4
Find the US States
5
Risky Map Clicking: Biggest States A-Z
6
US States
7
Popular People in 1961
8
Movies - When Are They Set?
More History Quizzes
U.S. Presidents by Order of Birth
Editor's Pick
Trending Quizzes
Risky Map Clicking: Least Populous States A-Z
Countries of the World: 200 Million BC
1-10 Letter G Words
Risky Map Clicking: Next State Alphabetically
Adjectives in 80s TV Shows
Recently Updated
Leaping Animals
pecheneg
Reality TV Shows (A-Z)
bhenderson79
Rickey Henderson's Hall of Fame Teammates
pecheneg
Champions League XIs: Arsenal
pecheneg
Quick Pick: Celebrities in WWE's Hall of Fame
aduchscher
A-Z Keypad Blitz II
pecheneg
Multiple Oscar Actors
pecheneg
Mystery Phrase Blitz: Oscar 'Best Actors'
pecheneg
F. Scott Fitzgerald Novels
LTH
Pick 3 Villains
ddd62291
Trending Topics
Harry Potter
Marvel
Anime
Crossword
Disney
Kpop
NBA
NFL
Pokémon
Song
The Office
WWE
Soccer
Puzzle
Country
Your Account Isn't Verified!
In order to create a playlist on Sporcle, you need to verify the email address you used during registration. Go to your
Sporcle Settings
to finish the process.
Report this User
Report this user for behavior that violates our
Community Guidelines
.
Details:
Send Report
Go to the Sporcle.com Mobile Site →
Comments